Statistics for Types Of Football Shots By Description

Click here to take the quiz!

General Stats

  • This quiz has been taken 13 times
  • The average score is 8 of 12

Answer Stats

DescriptionShot% Correct
striking the ball in midair after one bouncehalf volley
100%
striking the ball in midair with no bouncevolley
100%
using your laces to loft the ball over the goaliechip shot
91%
striking the ball with no spin, creating weird flightknuckleball
82%
chipping the ball down the middle, relying on the goalie to dive (PK)panenka
82%
jumping forward/head first and striking the ball with your heelscorpion kick
82%
using the heel of your boot to strike the ballbackheel
73%
moving your right foot to the left of your left foot and strikingrabona
73%
strike with the outside of your right foot, creating curvetrivela
55%
hitting the ball with not your instep nor laces, terrible formtoe ball
45%
flicking the ball up the back of your leg and into the airrainbow kick
27%
striking powerfully with the instep of your footstandard shot
9%

Score Distribution

Percentile by Number Answered

Percent of People with Each Score

Your Score History

You have not taken this quiz